000 00557nam a2200157Ia 4500
005 20250131120049.0
008 231217s9999 xx 000 0 und d
020 _a9780070472419
082 _a001.6424ORA VAI;1
100 _aVaidyanatha, Gajakrishna. Deshpande, Kirtikumar. Kostelac, John.
245 0 _aOracle performance tuning 101; learn the essentials of oracle performance management
260 _c2001
_bTMH
_aNew Delhi
300 _axxiii+404
650 _aOracle,performance,101;,learn,essentials,oracle,performance,management
942 _cAA
999 _c184468
_d184468